000 00628nam a2200229Ia 4500
003 OSt
005 20220926014016.0
006 a|||||r|||| 00| 0
007 ta
008 220923b |||||||| |||| 00| 0 eng d
037 _cGeneral Book
040 _aRTL
_cRTL
_beng
041 _2eng
_aeng
082 _aX:97M.73.N, K5
100 _aBernstein Samuel
_9125210
245 0 _aFirst international in America
260 _aNew York
_bKelley U S A
_c1965
300 _a312p.
_ccm.
650 _aTrade Unioing
_9240871
942 _hX:97M.73.N, K5
_cGB
_2CC
999 _c627469
_d627469